000 00341 a2200157 4500
001 175398
020 _a82-254-0275-3
040 _cMagnum
100 _aLutzenberger, José
240 1 0 _aGaia: o planeta vivo
_lpor
245 1 0 _aGaia: o planeta vivo
300 _a110
362 0 _a1991
697 _aEDUCAÇÃO AMBIENTAL
942 _cBK
999 _c175398
_d175398